00245nam a2200085Ia 4500008004100000082001500041245006400056260002800120300001100148230907s9999||||xx |||||||||||||| ||und|| a660.2bHIM 0aBasic principles and calculations in chemical engineering / aPearson,bNoida :c2016 a945 p.